| 000 | 00787pam a2200217 a 4500 | ||
|---|---|---|---|
| 020 | _a0471003158 (cloth : alk. paper) | ||
| 082 | 0 | 0 |
_a625.7 _bWRI |
| 100 | 1 |
_aWright, Paul H. _97049 |
|
| 245 | 1 | 0 |
_aHighway engineering / _cPaul H. Wright ; with contributions by James S. Lai ... [et al.]. |
| 250 | _a6th ed. | ||
| 260 |
_aNew York : _bJohn Wiley, _cc1996. |
||
| 300 |
_avii, 680 p. : _bill., maps ; _c26 cm. |
||
| 500 | _aIncludes one folded plan and profile sheet. | ||
| 526 |
_a0 _b0 _c0 _d625_700000000000000_WRI |
||
| 526 |
_a0 _b0 _c0 _d625_700000000000000_WRI |
||
| 650 | 0 | _aHighway engineering. | |
| 650 | 0 |
_aMCE _9379 |
|
| 856 | 4 | _uhttp://www.loc.gov/catdir/toc/onix01/95020035.html | |
| 856 | 4 | 2 | _uhttp://www.loc.gov/catdir/description/wiley031/95020035.html |
| 942 |
_2ddc _cBK |
||
| 999 |
_c547394 _d547394 |
||